| 000 | 00870cab a2200253 4500 | ||
|---|---|---|---|
| 001 | WB2841-37 | ||
| 008 | 090401t1992 xxu||||| |||| 00| 0 eng d | ||
| 035 | _a(Sirsi) u43684 | ||
| 041 | _aeng | ||
| 245 | _a`Hidden agenda` to boost opencast coal | ||
| 260 | _c1992 | ||
| 350 | _a0 | ||
| 490 |
_aGuardian _v23 October 1992, 2(2) |
||
| 520 | _aAccuses British Coal of expanding opencast production at the expense of deep mines in an attempt to increase its value in the run-up to privatisation. Latest figures from the County Planning Officers Association show a large increase in planning applications for test drilling sites. | ||
| 650 | _aCOAL | ||
| 650 | _aEXTRACTION | ||
| 650 | _aOPEN CAST MINING | ||
| 650 | _aPRIVATISATION | ||
| 650 | _aPRODUCTION | ||
| 650 | _aSPOIL HEAPS | ||
| 690 | _aMINING AND MINERALS | ||
| 942 | _n0 | ||
| 948 | _c04/03/1997 | ||
| 999 |
_c27835 _d27835 |
||